Sin recreo

Sparad:
Bibliografiska uppgifter
Huvudupphovsman: Márquez Colodro, Daniela (autora)
Materialtyp: Bok
Språk:spanska
Publicerad: Santiago Norma 2011
Upplaga:1a. ed
Serie:Zona Libre
Ämnen:
Taggar: Lägg till en tagg
Inga taggar, Lägg till första taggen!

MARC

LEADER 00000cam a2200000 a 4500
001 UCD4152
003 CL-VaPUC
008 160623e20110300cl |||||||||||||||||spa|d
020 |a 9789563002713 
082 0 4 |a Ch863  |b MAR  |2 21 
100 |a Márquez Colodro, Daniela  |e autora  |9 587772 
245 1 0 |a Sin recreo 
250 |a 1a. ed 
300 |a 132 p 
942 |c BK 
945 |d 20160623 20:48:00  |a arojas 
260 |a Santiago  |b Norma  |c 2011 
650 0 |a Cuentos infantiles  |9 308044 
650 0 |a Cuentos chilenos   |9 308280 
650 0 |a Literatura chilena   |9 308278 
583 |a last modification  |c 20160623 20:48:00  |k Rodrigo Vera 
490 0 |a Zona Libre 
999 |c 365094  |d 365092